| 000 | 00538nam a2200181 a 4500 | ||
|---|---|---|---|
| 001 | 000025998 | ||
| 005 | 20240412074252.0 | ||
| 008 | 110225s2005 dr a 000 0 spa d | ||
| 040 |
_aDO-SdBNP _bspa _cBNPHU |
||
| 082 |
_aRD861.44 _bV145c |
||
| 100 | 1 |
_aValdez, Santos _952896 |
|
| 245 | 1 | 0 |
_aCartas en versos al amor y a la sociedad / _cSantos Valdez. |
| 260 |
_a[Santo Domingo] : _bLa Escalera, _c2005. |
||
| 300 |
_a87 p. : _bil. ; _c22 cm. |
||
| 650 | 0 |
_aPoesÃa dominicana _966 |
|
| 650 | 0 |
_aLiteratura dominicana. _967 |
|
| 049 | _aBNPD | ||
| 999 |
_c25490 _d25490 |
||